แสดงรายละเอียดบรรณานุกรม
  กลับหน้าหลัก

Brief Record : Get Marc (ISO 2709) : E-mail record : QR code ปิดหน้าต่าง
หนังสืออ้างอิง : เกี่ยวกับ Collections
LEADER 00000nam 2200000uu 4500
008    110301s2552||||th 000 0 tha d
060  0 อ KPT 2735 พ365 2552
110 1  ^aสถาบันรับรองคุณภาพสถานพยาบาล (องค์การมหาชน).
245 00 ^aพระราชกฤษฎีกา จัดตั้งสถาบันรับรองคุณภาพสถานพยาบาล (องค์การมหาชน) พ.ศ.2552.
260    ^aนนทบุรี : ^bสถาบันรับรองคุณภาพสถานพยาบาล,^c2552.
300    ^aจำนวน 33 หน้า.
650  0 ^aสถาบันรับรองคุณภาพสถานพยาบาล.
650  0 ^aสถาบันรับรองคุณภาพสถานพยาบาล - - ^xกฎหมายและระเบียบข้อบังคับ.
999    ^aใช้งานได้ทุกระบบ
รายการนี้ยังไม่มีแท็ก
คุณยังไม่ได้ล็อกอิน คุณสามารถมีกิจกรรมร่วมกับเว็บไซต์ได้ แต่ต้องล็อกอินก่อน ::
  ล็อกอิน
ลำดับที่ ประเภท เลขเรียก สถานที่ สถานะ
1. หนังสืออ้างอิง
หนังสืออ้างอิง
อ KPT 2735 พ365 2552  
  
หนังสือทั่วไป On Shelf
  ขอยืม
   [แสดง 1/1 รายการ]

BibComment


ยังไม่เคยถูกคอมเมนท์

คอมเมนท์ทรัพยากรรายการนี้
  คอมเมนท์: พระราชกฤษฎีกา จั..
Bib 205854

 
 
 

 Union Library Management : ULibM
Copyright 2026. All Rights Reserved.
скачать бесплатно без регистрации порно красивый секс HD Sex Hindi sex

xxx gou

xxxx

bfxxx

xxxwww

Секса Видео

xxxx

Секса Видео

detube

geilexxx

C99 Shell

worms shell

blod xxx video
Ebony Coed Rihanna Rimes Takes A Dick In Her Young Twat priyaa indian fuck anal and pusssy hardcore indian women xxx desi hardcore fucking part 1 bengalixxxcouple